Statistics for Countries Smaller Than Brazil But Larger Than Bolivia

Click here to take the quiz!

General Stats

  • This quiz has been taken 23 times
    (13 since last reset)
  • The average score is 19 of 21

Answer Stats

Answer % Correct
Australia
100%
Democratic Republic Of The Congo
100%
Mongolia
100%
Mexico
100%
India
91%
Niger
91%
Chad
91%
Peru
91%
Iran
91%
Indonesia
91%
Mali
91%
Saudi Arabia
91%
Kazakhstan
91%
Algeria
91%
Argentina
91%
Colombia
82%
South Africa
82%
Libya
82%
Angola
82%
Sudan
82%
Ethiopia
73%

Score Distribution

Percentile by Number Answered

Percent of People with Each Score

Your Score History

You have not taken this quiz since the last reset